| 000 | 00397nam a22001697a 4500 | ||
|---|---|---|---|
| 003 | NUST - PNEC | ||
| 005 | 20170116180958.0 | ||
| 008 | 150912b xxu||||| |||| 00| 0 eng d | ||
| 020 | _a- | ||
| 040 | _cLIBRARY | ||
| 082 | _a621.38 GUP | ||
| 100 |
_99382 _aGupta, K.C. |
||
| 245 |
_aMicrowaves _cK.C. Gupta |
||
| 260 | _cc.1979 | ||
| 650 |
_99379 _bElectrical engineering _xEE |
||
| 942 |
_2ddc _cBK |
||
| 999 |
_c66614 _d66614 |
||